[Event "46th Sparkassen Open"]
[Site "Dortmund GER"]
[Date "2018.07.21"]
[Round "8.18"]
[White "Conrad, Joachim"]
[Black "Pahl, Theis"]
[Result "1-0"]
[WhiteElo "2078"]
[BlackElo "1959"]
[WhiteFideId "24623083"]
[BlackFideId "16201264"]
[EventDate "2018.07.14"]

1. d4 Nf6 2. Bg5 Ne4 3. Bf4 c5 4. f3 Nf6 5. d5 Nh5 6. Be3 e6 7. c4 Nf6 8. Nc3 d6
9. Bf2 exd5 10. cxd5 g6 11. e4 Bg7 12. Bb5+ Nbd7 13. Bg3 Qe7 14. Nge2 O-O 15.
Bxd7 Bxd7 16. a4 Rfe8 17. O-O Nh5 18. Bf2 Be5 19. Qd2 f5 20. Be3 Qg7 21. Bh6 Qh8
22. exf5 Bxc3 23. Nxc3 Qd4+ 24. Qxd4 cxd4 25. Ne4 gxf5 26. Nxd6 Re2 27. Rf2 Rxf2
28. Kxf2 Rd8 29. Nxb7 Rb8 30. Nc5 Rxb2+ 31. Kf1 Be8 32. Re1 Nf6 33. Bg5 1-0

[Event "46th Sparkassen Open"]
[Site "Dortmund GER"]
[Date "2018.07.21"]
[Round "8.19"]
[White "Schroeder, Joerg"]
[Black "Oparaugo, Thomas"]
[Result "1-0"]
[BlackTitle "IM"]
[WhiteElo "1970"]
[BlackElo "2064"]
[WhiteFideId "24635677"]
[BlackFideId "8500207"]
[EventDate "2018.07.14"]

1. Nf3 d5 2. e3 Nf6 3. c4 c6 4. Nc3 Bg4 5. Qb3 Qb6 6. cxd5 Qxb3 7. axb3 Nxd5 8.
Ra4 Bxf3 9. gxf3 g6 10. Nxd5 cxd5 11. e4 dxe4 12. fxe4 Bh6 13. Bb5+ Nd7 14. Ke2
a6 15. d4 Bg7 16. Be3 Rc8 17. Bd3 O-O 18. Rc4 b5 19. Rxc8 Rxc8 20. Ra1 Nb8 21.
e5 e6 22. Be4 Bf8 23. Rc1 Rxc1 24. Bxc1 f6 25. f4 Kf7 26. Kd3 Bb4 27. Bb7 Ke7
28. Be3 Ba5 29. Bf2 h6 30. Be4 g5 31. exf6+ Kxf6 32. fxg5+ hxg5 33. Bg3 Nd7 34.
Bb7 e5 35. Bc8 Ke7 36. Bxa6 Bb6 37. Bxb5 Bxd4 38. Bxd7 Kxd7 39. Ke4 Ke6 40. h3
Bxb2 41. Be1 Kf6 42. b4 Bd4 43. b5 Bb6 44. Bc3 Bc7 45. Bd2 Kg6 46. Be3 Bb8 47.
b6 Bd6 48. Kd5 Bb8 49. Bc5 e4 50. Kxe4 1-0

[Event "46th Sparkassen Open"]
[Site "Dortmund GER"]
[Date "2018.07.21"]
[Round "8.21"]
[White "Groneberg, Joerg"]
[Black "Oltmanns, Jan"]
[Result "0-1"]
[WhiteElo "2034"]
[BlackElo "1959"]
[WhiteFideId "12941638"]
[BlackFideId "16251318"]
[EventDate "2018.07.14"]

1. d4 d5 2. Nf3 Nf6 3. c4 e6 4. Nc3 Bb4 5. e3 O-O 6. Bd3 dxc4 7. Bxc4 b6 8. O-O
Bb7 9. Qe2 Nbd7 10. Rd1 c5 11. d5 Bxc3 12. dxe6 Bxf3 13. Qxf3 Be5 14. exd7 Qc7
15. Qh3 Bd6 16. Bd3 Rad8 17. Bf5 g6 18. Qh6 Nxd7 19. e4 Be5 20. Bxd7 Rxd7 21.
Re1 Rfd8 22. f4 Rd1 23. Kf2 Rxc1 24. fxe5 Rxa1 25. Rxa1 Qxe5 26. Re1 Qxb2+ 27.
Re2 Qd4+ 28. Qe3 Qxe3+ 29. Kxe3 f5 30. e5 Rd4 31. Rb2 Kf7 0-1

[Event "46th Sparkassen Open"]
[Site "Dortmund GER"]
[Date "2018.07.21"]
[Round "8.22"]
[White "Fuhlrott, Tim"]
[Black "Wilde, Justin"]
[Result "1/2-1/2"]
[WhiteElo "1958"]
[BlackElo "1930"]
[WhiteFideId "16222431"]
[BlackFideId "16236033"]
[EventDate "2018.07.14"]

1. c4 e6 2. g3 d5 3. Nf3 Nf6 4. Bg2 dxc4 5. O-O a6 6. a4 Nc6 7. Na3 Bxa3 8. Rxa3
e5 9. d3 cxd3 10. Rxd3 Qe7 11. Ng5 O-O 12. Ne4 Nxe4 13. Bxe4 Bh3 14. Bg2 Bxg2
15. Kxg2 Rad8 16. Be3 Rxd3 17. Qxd3 Rd8 18. Qc2 Qd6 19. Rc1 Qd5+ 20. Kg1 Rd7 21.
b3 f6 22. h4 Nd4 23. Bxd4 Qxd4 24. h5 h6 25. Qf5 Qd6 26. Rc3 Qe7 27. Re3 Qf7 28.
Kh2 c6 29. f3 Rd8 30. g4 Qd7 31. Rd3 Qc7 32. Qe6+ Kh8 33. Rxd8+ Qxd8 34. Qf7 1/2-1/2

[Event "46th Sparkassen Open"]
[Site "Dortmund GER"]
[Date "2018.07.21"]
[Round "8.23"]
[White "Ball, Joerg"]
[Black "Heinert, Eugen"]
[Result "0-1"]
[WhiteElo "1973"]
[BlackElo "2200"]
[WhiteFideId "4685172"]
[BlackFideId "24621390"]
[EventDate "2018.07.14"]

1. e4 e6 2. d4 d5 3. Nd2 c5 4. Ngf3 cxd4 5. exd5 Qxd5 6. Bc4 Qd6 7. O-O Nf6 8.
Nb3 Nc6 9. Nbxd4 Nxd4 10. Qxd4 Qxd4 11. Nxd4 a6 12. a4 Bc5 13. Nf3 O-O 14. Bg5
Rd8 15. Rfd1 Bd7 16. Bxf6 gxf6 17. c3 Rac8 18. Bb3 Bc6 19. Rxd8+ Rxd8 20. Rd1
Rxd1+ 21. Bxd1 Kf8 22. Kf1 Ke7 23. Nd2 f5 24. f3 Be3 25. Ke2 Bf4 26. g3 Bc7 27.
Bc2 h6 28. f4 h5 29. Nf3 Be4 30. Bd1 f6 31. b4 e5 32. fxe5 fxe5 33. c4 Kf6 34.
Ke3 Bc6 35. Bc2 a5 36. b5 Bb6+ 37. Ke2 Be8 38. Nh4 Bd7 39. Bd1 Be6 40. Kd3 e4+
41. Kc3 Bf7 42. Ng2 Ke5 43. Nf4 Bd4+ 44. Kb3 h4 45. Ne2 Bf2 46. Kc3 Be1+ 47. Kb3
Bxg3 48. Nxg3 hxg3 49. hxg3 Kd4 50. Be2 Ke3 51. Bf1 Kf2 52. Bh3 e3 0-1

[Event "46th Sparkassen Open"]
[Site "Dortmund GER"]
[Date "2018.07.21"]
[Round "8.24"]
[White "Windfuhr, Thomas"]
[Black "Oezen, Alf"]
[Result "1-0"]
[WhiteElo "2231"]
[BlackElo "1911"]
[WhiteFideId "4658477"]
[BlackFideId "12985430"]
[EventDate "2018.07.14"]

1. d4 d5 2. Nf3 c6 3. e3 Bf5 4. Ne5 Nf6 5. g4 Bc8 6. g5 Ne4 7. Qf3 Nxg5 8. Qh5
h6 9. Bd3 Nd7 10. Nxf7 Nf6 11. Ne5+ 1-0

[Event "46th Sparkassen Open"]
[Site "Dortmund GER"]
[Date "2018.07.21"]
[Round "8.25"]
[White "Buechle, Manfred"]
[Black "Elier, Ali"]
[Result "0-1"]
[WhiteElo "2037"]
[BlackElo "1888"]
[WhiteFideId "4659368"]
[BlackFideId "16217543"]
[EventDate "2018.07.14"]

1. e4 e5 2. d4 exd4 3. Bc4 Nc6 4. Nf3 Bc5 5. O-O d6 6. h3 Nf6 7. Re1 Nd7 8. Bg5
f6 9. Bf4 Nde5 10. Bb3 Qe7 11. c3 Be6 12. cxd4 Nxf3+ 13. Qxf3 Nxd4 14. Ba4+ b5 0-1

[Event "46th Sparkassen Open"]
[Site "Dortmund GER"]
[Date "2018.07.21"]
[Round "8.26"]
[White "Alghawi, Abdullah"]
[Black "Homfeldt, Christopher"]
[Result "0-1"]
[WhiteElo "1916"]
[BlackElo "1818"]
[WhiteFideId "16259254"]
[BlackFideId "16220293"]
[EventDate "2018.07.14"]

1. Nf3 c5 2. g3 Nc6 3. Bg2 g6 4. d4 cxd4 5. Nxd4 Bg7 6. Nb3 d6 7. O-O Nf6 8. Nc3
Be6 9. e4 O-O 10. Nd5 Nd7 11. c3 a6 12. h4 Nce5 13. Bg5 f6 14. Bf4 b5 15. Nd4
Bf7 16. Bh3 f5 17. Bg5 Nf6 18. Bxf6 exf6 19. Nf4 fxe4 20. Nde6 Nf3+ 21. Kg2 Qe7
22. Nd5 Qb7 23. Nxf8 Rxf8 24. Nf4 Nd2 25. Kg1 Nxf1 26. Kxf1 Bc4+ 27. Kg1 Qe7 28.
a4 f5 29. axb5 axb5 30. Qc2 Qf7 31. Ra6 Be5 32. Qd2 b4 33. Rc6 bxc3 34. bxc3 Rb8
35. Ne2 Bb5 36. Rxd6 Bxd6 37. Qxd6 Rc8 38. Nd4 Bd7 39. Qb4 Qd5 40. Bf1 Be6 41.
Qe7 Bf7 42. Ne2 Qd8 43. Qe5 Bc4 44. h5 Qc7 45. Qf6 Qc6 46. Qe5 Qd5 47. Qf6 Rc6
48. Qe7 Qf7 49. Qd8+ Qf8 50. Qd4 Qd6 51. Qa7 Ra6 52. Qe3 Ra1 53. Kg2 Rxf1 54.
Kxf1 Qd1+ 55. Kg2 Qxe2 56. Qd4 Qd3 57. Qc5 Qf3+ 58. Kg1 Qd1+ 59. Kh2 Qxh5+ 60.
Kg1 Qd1+ 61. Kh2 Qh5+ 62. Kg1 Be2 63. Qd5+ Kg7 64. Qd4+ Kh6 65. Qe5 g5 66. Qc5
Qg6 67. Qf8+ Kh5 68. Kh2 Kg4 0-1

[Event "46th Sparkassen Open"]
[Site "Dortmund GER"]
[Date "2018.07.21"]
[Round "8.27"]
[White "Boecker, Juergen"]
[Black "Seref, Serkan"]
[Result "1/2-1/2"]
[WhiteElo "1877"]
[BlackElo "1871"]
[WhiteFideId "12915904"]
[BlackFideId "16205561"]
[EventDate "2018.07.14"]

1. e4 c5 2. c3 a6 3. g3 b5 4. Bg2 Bb7 5. Nf3 e6 6. d3 d6 7. O-O Nf6 8. Re1 Nbd7
9. h3 Be7 10. a3 O-O 11. g4 Rc8 12. Bf4 e5 13. Bg5 Qc7 14. Nh4 Rfe8 15. Nf5 Bf8
16. Ne3 Be7 17. Nf5 Bf8 18. Ne3 Be7 19. Nf5 1/2-1/2

[Event "46th Sparkassen Open"]
[Site "Dortmund GER"]
[Date "2018.07.22"]
[Round "9.1"]
[White "Schulz, Daniel"]
[Black "Hausrath, Daniel"]
[Result "0-1"]
[BlackTitle "GM"]
[WhiteElo "2078"]
[BlackElo "2495"]
[WhiteFideId "12960349"]
[BlackFideId "4617495"]
[EventDate "2018.07.14"]

1. Nf3 c5 2. c4 g6 3. g3 Bg7 4. Bg2 Nc6 5. Nc3 d6 6. O-O Bf5 7. d3 Qd7 8. Bd2
Bh3 9. Rb1 h5 10. Bxh3 Qxh3 11. Ng5 Qd7 12. h4 Nh6 13. a3 Nf5 14. b4 O-O 15. b5
Ne5 16. Nd5 e6 17. Ne3 Nh6 18. Qb3 Rad8 19. Rfc1 b6 20. a4 d5 21. a5 f6 22. Nh3
d4 23. Ng2 Neg4 24. axb6 axb6 25. Nhf4 Qf7 26. Ra1 Nf5 27. Nh3 e5 28. Ra6 Qe6
29. Rca1 Bh6 30. Qb2 Rd7 31. Ra7 Rff7 32. Rxd7 Rxd7 33. Ra6 Kh7 34. Qa2 Bxd2 35.
Qxd2 Ngh6 36. Kh2 Ng4+ 37. Kg1 Rg7 38. Qa5 Rb7 39. Qa1 Ngh6 40. Kh2 Ng4+ 41. Kg1
Ng7 42. Ra7 Qd7 43. Rxb7 Qxb7 44. f3 Nh6 45. f4 e4 46. Qa6 Qe7 47. Qxb6 exd3 48.
exd3 Qe2 49. Nf2 Nhf5 50. Qxc5 Nxg3 51. Ne4 Qd1+ 52. Kh2 Nf1+ 53. Kg1 Ne3+ 54.
Kh2 Ng4+ 55. Kh3 Qxd3+ 56. Ng3 Nf5 57. Qc7+ Kh6 0-1

[Event "46th Sparkassen Open"]
[Site "Dortmund GER"]
[Date "2018.07.22"]
[Round "9.2"]
[White "Wagner, Alexej"]
[Black "Nalbandian, Tigran"]
[Result "0-1"]
[BlackTitle "GM"]
[WhiteElo "2313"]
[BlackElo "2452"]
[WhiteFideId "4129555"]
[BlackFideId "13300245"]
[EventDate "2018.07.14"]

1. d4 Nf6 2. c4 g6 3. Nc3 Bg7 4. e4 d6 5. Nf3 O-O 6. Be2 c5 7. d5 b5 8. cxb5 a6
9. b6 Qxb6 10. Nd2 Nbd7 11. Nc4 Qc7 12. Bf4 Nb6 13. Ne3 Bd7 14. a4 Rfb8 15. O-O
Nc8 16. Nc4 Nb6 17. Ne3 Nc8 18. Nc4 Rb4 19. Rb1 Nb6 20. b3 Nxc4 21. Bxc4 Ng4 22.
Bd2 Ne5 23. Be2 Rd4 24. Qc2 Rb8 25. f4 Ng4 26. Bxg4 Bxg4 27. h3 c4 28. hxg4 cxb3
29. Qd1 Rxd2 30. Qxd2 Bxc3 31. Qd3 b2 32. Rf3 Qc5+ 33. Kh2 Bd4 34. Qxa6 Qc2 35.
Qd3 Qxa4 36. Qd2 g5 37. Kh3 Rb3 38. fxg5 Bc5 39. Qd1 Rb4 40. Qf1 Rxe4 41. Rxf7
Qb3+ 42. Rf3 Qxd5 43. Qa6 Kg7 44. Qc8 Rf4 45. Ra3 Rf2 46. Qa8 Qxa8 47. Rxa8 Rc2
48. Ra3 Rc1 0-1

[Event "46th Sparkassen Open"]
[Site "Dortmund GER"]
[Date "2018.07.22"]
[Round "9.3"]
[White "Kashlinskaya, Alina"]
[Black "Liedmann, Dennis"]
[Result "1-0"]
[WhiteTitle "IM"]
[WhiteElo "2435"]
[BlackElo "2088"]
[WhiteFideId "4198026"]
[BlackFideId "24671312"]
[EventDate "2018.07.14"]

1. e4 g6 2. d4 c6 3. c4 d6 4. Nf3 Bg7 5. Be2 e5 6. O-O Nd7 7. Nc3 Ngf6 8. Be3
Ng4 9. Bg5 f6 10. Bd2 Nh6 11. Qc2 Nf7 12. Rad1 Qe7 13. Be3 O-O 14. c5 f5 15.
exf5 exd4 16. Nxd4 Nxc5 17. fxg6 Nh6 18. gxh7+ Kh8 19. Qg6 Rf6 20. Qg3 Qf7 21.
Bg5 Rg6 22. Bh5 Bxd4 23. Bxg6 Qxg6 24. Bxh6 Qxg3 25. hxg3 Ne6 26. Bf4 Bxc3 27.
b3 d5 28. Be5+ Kxh7 29. f4 Nc5 30. f5 Bd7 31. Rf4 Kg8 32. Rg4+ Kf8 33. Bd6+ 1-0

[Event "46th Sparkassen Open"]
[Site "Dortmund GER"]
[Date "2018.07.22"]
[Round "9.4"]
[White "Jugelt, Tobias"]
[Black "Biermann, Lenhard"]
[Result "1-0"]
[WhiteTitle "IM"]
[WhiteElo "2417"]
[BlackElo "2051"]
[WhiteFideId "4626150"]
[BlackFideId "12970077"]
[EventDate "2018.07.14"]

1. d4 e6 2. Nf3 c5 3. e3 Nf6 4. Bd3 Be7 5. O-O b6 6. Qe2 Bb7 7. c3 d5 8. Nbd2
Nbd7 9. e4 dxe4 10. Nxe4 O-O 11. Rd1 Nxe4 12. Bxe4 Bxe4 13. Qxe4 Nf6 14. Qe2 Qc7
15. Bg5 Rfd8 16. Bh4 Nd5 17. Bg3 Qb7 18. dxc5 Bxc5 19. Qe4 Qe7 20. Ne5 Nf6 21.
Qf3 Qe8 22. Qb7 Rxd1+ 23. Rxd1 Rd8 24. Rxd8 Qxd8 25. Qxf7+ Kh8 26. h3 Qe7 27.
Qxe7 Bxe7 28. Nc6 Bc5 29. b4 Bf8 30. Nxa7 Nd5 31. Be5 Be7 32. a3 Kg8 33. c4 Nf6
34. Nc6 Bf8 35. Bd4 Nd7 36. Kf1 1-0

[Event "46th Sparkassen Open"]
[Site "Dortmund GER"]
[Date "2018.07.22"]
[Round "9.5"]
[White "Webb, Laurence E"]
[Black "Kartsev, Soel"]
[Result "1/2-1/2"]
[WhiteTitle "FM"]
[WhiteElo "2306"]
[BlackElo "2222"]
[WhiteFideId "402389"]
[BlackFideId "4130561"]
[EventDate "2018.07.14"]

1. d4 Nf6 2. c4 e6 3. Nc3 Bb4 4. Bg5 b6 5. e3 Bb7 6. Ne2 h6 7. Bh4 g5 8. Bg3 Ne4
9. a3 Nxg3 10. hxg3 Bf8 11. d5 Bg7 12. Nd4 Qe7 13. Be2 Na6 14. Bf3 O-O-O 15.
dxe6 Bxd4 16. exd4 Qxe6+ 17. Qe2 Rhe8 18. Bxb7+ Kxb7 19. Qxe6 dxe6 20. O-O-O c5
21. dxc5 Nxc5 22. Kc2 Rxd1 23. Rxd1 f5 24. b4 Ne4 25. Nxe4 fxe4 26. Kd2 Rc8 27.
Kc3 Rf8 28. Rd2 e5 29. c5 bxc5 30. bxc5 h5 31. Kc4 Kc7 32. Re2 h4 33. Kd5 e3 34.
f3 h3 35. gxh3 Rxf3 36. h4 gxh4 37. gxh4 Rh3 38. h5 e4 39. Kxe4 Kc6 40. Rxe3
Rxh5 1/2-1/2

[Event "46th Sparkassen Open"]
[Site "Dortmund GER"]
[Date "2018.07.22"]
[Round "9.6"]
[White "Heck, Norbert"]
[Black "Quast, Marcel"]
[Result "1/2-1/2"]
[WhiteTitle "FM"]
[WhiteElo "2227"]
[BlackElo "2247"]
[WhiteFideId "4622928"]
[BlackFideId "24663476"]
[EventDate "2018.07.14"]

1. Nf3 d6 2. g3 e5 3. d3 g6 4. Bg2 Bg7 5. c4 f5 6. Nc3 Nf6 7. O-O a5 8. Rb1 Nc6
9. a3 O-O 10. Bd2 Qe7 11. Nd5 Nxd5 12. cxd5 Nd4 13. e3 Nxf3+ 14. Bxf3 e4 15.
dxe4 fxe4 16. Bg2 b6 17. Qc2 Re8 18. Rfc1 Ra7 19. b4 Ba6 20. b5 Bc8 21. Qc4 Bf5
22. Bc3 Bxc3 23. Rxc3 g5 24. Qd4 Qe5 25. Rd1 Kf7 26. Qxe5 Rxe5 27. Rd4 Ke7 28.
h3 Kd7 29. g4 Bg6 30. Rcc4 Ra8 31. Kh2 Rae8 32. a4 R8e7 33. Kg3 Kd8 34. Bh1 1/2-1/2

[Event "46th Sparkassen Open"]
[Site "Dortmund GER"]
[Date "2018.07.22"]
[Round "9.7"]
[White "Gallasch, Jonas"]
[Black "Rendboe, John Filip"]
[Result "1/2-1/2"]
[BlackTitle "FM"]
[WhiteElo "1903"]
[BlackElo "2109"]
[WhiteFideId "16222474"]
[BlackFideId "1403664"]
[EventDate "2018.07.14"]

1. d4 d5 2. c4 c6 3. cxd5 cxd5 4. Nc3 Nf6 5. Nf3 Nc6 6. Bf4 e6 7. e3 Be7 8. Bd3
O-O 9. Rc1 a6 10. O-O Nh5 11. Bg3 Nxg3 12. hxg3 Bf6 13. Qe2 g6 14. Rfd1 Bg7 15.
a3 Bd7 16. b4 Rc8 17. Bb1 Ne7 18. Ba2 Nf5 19. Ne5 Nd6 20. e4 dxe4 21. Nxe4 Bb5
22. Qf3 Rxc1 23. Rxc1 Nf5 24. Nxf7 Qe7 25. Nfg5 Nxd4 26. Qd1 Ne2+ 27. Kh2 Nxc1
28. Qxc1 Bh6 29. f4 Bc6 30. Nxe6 Bxe4 31. Nxf8+ Kxf8 32. Qc4 Ke8 33. Qc8+ Qd8
34. Qe6+ 1/2-1/2

[Event "46th Sparkassen Open"]
[Site "Dortmund GER"]
[Date "2018.07.22"]
[Round "9.8"]
[White "Kracht, Raphael"]
[Black "Zatonskih, V."]
[Result "1/2-1/2"]
[BlackTitle "FM"]
[WhiteElo "1900"]
[BlackElo "2323"]
[WhiteFideId "16214382"]
[BlackFideId "14102161"]
[EventDate "2018.07.14"]

1. e4 d5 2. exd5 Nf6 3. d4 Nxd5 4. Nf3 g6 5. c4 Nb6 6. c5 N6d7 7. Bc4 e6 8. Bg5
Be7 9. Bxe7 Qxe7 10. Nc3 O-O 11. O-O b6 12. cxb6 Nxb6 13. Bb3 Bb7 14. Ne5 N8d7
15. Qg4 Nf6 16. Qh4 Nfd5 17. Qh6 Nxc3 18. bxc3 Rad8 19. Rfe1 Nd5 20. c4 Nb6 21.
d5 Rfe8 22. Ng4 Bc8 23. Re3 f5 24. Ne5 exd5 25. cxd5 Qd6 26. Rae1 Nxd5 27. Nf7
Rxe3 28. Rxe3 Kxf7 29. Bxd5+ Qxd5 30. Qxh7+ Kf8 31. Qh8+ Kf7 1/2-1/2

[Event "46th Sparkassen Open"]
[Site "Dortmund GER"]
[Date "2018.07.22"]
[Round "9.9"]
[White "Luft, Dennis"]
[Black "Mroczek, Mathias"]
[Result "1/2-1/2"]
[WhiteElo "2322"]
[BlackElo "2140"]
[WhiteFideId "24623717"]
[BlackFideId "4643836"]
[EventDate "2018.07.14"]

1. e4 e6 2. d4 d5 3. Nd2 c5 4. exd5 exd5 5. Ngf3 Nc6 6. Be2 Bd6 7. dxc5 Bxc5 8.
Nb3 Bb6 9. O-O Nf6 10. Bg5 Be6 11. Nfd4 O-O 12. c3 h6 13. Bh4 g5 14. Bg3 Ne4 15.
Bd3 Nxd4 16. cxd4 Bf5 17. Rc1 Rc8 18. Qf3 Qd7 19. Bxe4 dxe4 20. Qe3 Rxc1 21.
Rxc1 Rc8 22. Rxc8+ Qxc8 23. h4 Qc2 24. Kh2 Qd3 25. Qc1 f6 26. hxg5 hxg5 27. Nc5
Qxd4 28. Nxb7 Be6 29. Qc6 Qd5 30. Qe8+ Kg7 31. Nd6 Bd4 32. Qe7+ Kg6 33. Qf8 Bc5
34. Qe8+ Kg7 35. Qb8 Bxd6 36. Bxd6 a5 37. a3 Bf7 38. Qf8+ Kg6 39. b4 axb4 40.
axb4 Qe6 41. Bc7 Qg4 42. Qd6 e3 43. Qd3+ Kg7 44. Qxe3 Qxb4 45. Bg3 Qb1 46. f3
Qh7+ 47. Kg1 Qb1+ 48. Be1 Bg6 49. Kh2 Bf7 50. Bc3 Qf5 51. Kg1 Qb1+ 52. Kf2 Qc2+
53. Kg3 Qf5 54. Qe7 Qf4+ 55. Kf2 Qf5 56. Bb4 Qc2+ 57. Kg3 Qc4 58. Kh2 1/2-1/2

[Event "46th Sparkassen Open"]
[Site "Dortmund GER"]
[Date "2018.07.22"]
[Round "9.10"]
[White "Topolewski, Dirk"]
[Black "Melde, Benjamin"]
[Result "1-0"]
[WhiteElo "2192"]
[BlackElo "2108"]
[WhiteFideId "4651600"]
[BlackFideId "12958816"]
[EventDate "2018.07.14"]

1. d4 Nf6 2. Nf3 g6 3. e3 Bg7 4. c4 O-O 5. Be2 d6 6. b3 c5 7. Bb2 Nc6 8. O-O
cxd4 9. Nxd4 Bd7 10. Nc3 a6 11. Qd2 Qa5 12. Rfd1 Rfc8 13. Rac1 Rab8 14. a3 Qd8
15. Nd5 Ne4 16. Qc2 Nc5 17. e4 Nxd4 18. Bxd4 Bxd4 19. Rxd4 b5 20. b4 Na4 21. Qb3
Qe8 22. Rcd1 Be6 23. h3 a5 24. cxb5 Nb6 25. bxa5 Nxd5 26. exd5 Bd7 27. a4 1-0

[Event "46th Sparkassen Open"]
[Site "Dortmund GER"]
[Date "2018.07.22"]
[Round "9.11"]
[White "Nalbandyan, Vahan"]
[Black "Steinle, Carsten"]
[Result "1-0"]
[WhiteElo "1848"]
[BlackElo "2159"]
[WhiteFideId "13309439"]
[BlackFideId "24676462"]
[EventDate "2018.07.14"]

1. Nf3 e6 2. g3 Nf6 3. Bg2 c5 4. c4 Nc6 5. Nc3 Be7 6. O-O O-O 7. d4 cxd4 8. Nxd4
a6 9. e4 Qa5 10. Be3 Ne5 11. Qe2 d6 12. h3 Rb8 13. f4 Nc6 14. a3 Nxd4 15. Bxd4
e5 16. b4 Qc7 17. Be3 b5 18. fxe5 dxe5 19. c5 Be6 20. Nd5 Qb7 21. c6 1-0

[Event "46th Sparkassen Open"]
[Site "Dortmund GER"]
[Date "2018.07.22"]
[Round "9.12"]
[White "Naidich, Vasily"]
[Black "Boehm, Juergen2"]
[Result "1-0"]
[WhiteElo "2088"]
[BlackElo "2233"]
[WhiteFideId "13901281"]
[BlackFideId "4606434"]
[EventDate "2018.07.14"]

1. d4 d5 2. c4 c6 3. cxd5 cxd5 4. Bf4 Nf6 5. Nc3 Nc6 6. e3 a6 7. Bd3 Bg4 8. Nge2
e6 9. h3 Bxe2 10. Qxe2 Bd6 11. Bxd6 Qxd6 12. O-O O-O 13. Na4 Nb4 14. Nc5 Nxd3
15. Qxd3 Qb6 16. Qb3 Qxb3 17. axb3 Rfb8 18. Rfc1 Ne8 19. f3 Nd6 20. Nd7 Rd8 21.
Nb6 Rab8 22. Rc5 Kf8 23. Rac1 Ke8 24. Kf2 Nb5 25. Ke2 Rd6 26. Na4 Kd7 27. Kd3
Kd8 28. g4 Rd7 29. h4 Rc7 30. h5 Rxc5 31. Nxc5 h6 32. Rg1 Ke7 33. Rd1 a5 34. Ra1
b6 35. Na4 Kd6 36. Rb1 Ke7 37. Rc1 Kd6 38. e4 f6 39. f4 dxe4+ 40. Kxe4 Nc7 41.
f5 exf5+ 42. Kxf5 Nd5 43. Nc3 Ne7+ 44. Ke4 Rc8 45. Nb5+ Kd7 46. Rxc8 Nxc8 47. d5
Ne7 48. Nd4 g6 49. hxg6 Nxg6 50. Nf5 Ne5 51. Nxh6 b5 52. g5 Kd6 53. gxf6 Nd7 54.
Nf5+ Kc5 55. f7 a4 56. bxa4 bxa4 57. Ne3 Kd6 58. Nc4+ Ke7 59. Ne5 Nf8 60. Kd4
Kd6 61. Nc4+ Ke7 62. Nb6 Kxf7 63. Ke5 Ke7 64. d6+ Kd8 65. Nxa4 Nd7+ 66. Kd5 Nf6+
67. Kc6 Nd7 68. Nc5 Ne5+ 69. Kd5 Nf7 70. b4 Kc8 71. Ke6 Nd8+ 72. Ke7 1-0

[Event "46th Sparkassen Open"]
[Site "Dortmund GER"]
[Date "2018.07.22"]
[Round "9.13"]
[White "Baerwolf, Steven"]
[Black "Conrad, Joachim"]
[Result "1/2-1/2"]
[WhiteElo "2172"]
[BlackElo "2078"]
[WhiteFideId "24658634"]
[BlackFideId "24623083"]
[EventDate "2018.07.14"]

1. d4 d6 2. Nf3 Nf6 3. c4 Nbd7 4. Nc3 e5 5. g3 c6 6. dxe5 dxe5 7. Bg2 Be7 8. O-O
O-O 9. Qc2 Qc7 10. Rd1 a5 11. b3 Nc5 12. Ba3 Bg4 13. Rd2 g6 1/2-1/2

[Event "46th Sparkassen Open"]
[Site "Dortmund GER"]
[Date "2018.07.22"]
[Round "9.14"]
[White "Wolff, Christoph"]
[Black "Savchenko, Daniel"]
[Result "1/2-1/2"]
[WhiteElo "2026"]
[BlackElo "2165"]
[WhiteFideId "4648706"]
[BlackFideId "12919195"]
[EventDate "2018.07.14"]

1. e4 c5 2. Nf3 e6 3. d4 cxd4 4. Nxd4 a6 5. Nc3 Qc7 6. Be3 Nf6 7. Qd2 Nc6 8. f3
Bb4 9. a3 Ba5 10. O-O-O Ne7 11. Nb3 Bxc3 12. Qxc3 Qxc3 13. bxc3 d5 14. e5 Nd7
15. f4 b5 16. Nc5 Nc6 17. Be2 Nxc5 18. Bxc5 Bd7 19. Rhe1 1/2-1/2

[Event "46th Sparkassen Open"]
[Site "Dortmund GER"]
[Date "2018.07.22"]
[Round "9.15"]
[White "Kueppers, Timo"]
[Black "Schroeder, Joerg"]
[Result "1/2-1/2"]
[WhiteElo "2178"]
[BlackElo "1970"]
[WhiteFideId "16205820"]
[BlackFideId "24635677"]
[EventDate "2018.07.14"]

1. d4 Nf6 2. Nf3 c5 3. d5 g6 4. Nc3 Bg7 5. e4 O-O 6. a4 d6 7. h3 e6 8. Be2 exd5
9. exd5 Na6 10. O-O Nb4 11. Bf4 Bf5 1/2-1/2

[Event "46th Sparkassen Open"]
[Site "Dortmund GER"]
[Date "2018.07.22"]
[Round "9.16"]
[White "Irkilmez, Yakub"]
[Black "Boesel, Alexander"]
[Result "1/2-1/2"]
[WhiteElo "2126"]
[BlackElo "1994"]
[WhiteFideId "16204581"]
[BlackFideId "4623185"]
[EventDate "2018.07.14"]

1. d4 Nf6 2. Nc3 d5 3. Bf4 Bf5 4. e3 e6 5. Bd3 Bxd3 6. Qxd3 c6 7. Nge2 Be7 8.
O-O Nbd7 9. Rad1 a6 10. Kh1 Rc8 11. f3 c5 12. Rfe1 cxd4 13. exd4 b5 14. a3 O-O
15. Ng3 Rc6 16. Nb1 Nb6 17. c3 Nc4 18. Bc1 Qc7 19. f4 Nd6 20. Nd2 h5 21. h4 Ng4
22. Qf3 g6 23. Ndf1 Bxh4 24. Re2 Qd8 25. Nh2 Bxg3 26. Qxg3 Ne4 27. Rxe4 dxe4 28.
Nxg4 hxg4 29. Qxg4 Kg7 30. Kg1 f5 31. Qg3 Rh8 32. Be3 Qd5 33. Qg5 Kf7 34. Kf2
Rh5 35. Qg3 Rc8 36. Bc1 Rch8 37. Qe3 Qd8 38. d5 Qh4+ 39. Ke2 Qg4+ 40. Kf2 Qxd1
41. Qa7+ Kf6 42. Be3 Qc2+ 43. Kg3 1/2-1/2

[Event "46th Sparkassen Open"]
[Site "Dortmund GER"]
[Date "2018.07.22"]
[Round "9.17"]
[White "Oltmanns, Jan"]
[Black "Biermann, Florian"]
[Result "1-0"]
[WhiteElo "1959"]
[BlackElo "2004"]
[WhiteFideId "16251318"]
[BlackFideId "12970069"]
[EventDate "2018.07.14"]

1. Nf3 c5 2. g3 Nc6 3. Bg2 g6 4. O-O Bg7 5. c4 d6 6. Nc3 e5 7. d3 Nge7 8. e4 O-O
9. Ne1 Be6 10. Nc2 Qd7 11. Nd5 f5 12. Rb1 Rf7 13. b4 Raf8 14. bxc5 dxc5 15. Ba3
b6 16. f4 fxe4 17. dxe4 exf4 18. Rxf4 Be5 19. Rxf7 Rxf7 20. Bb2 Bxb2 21. Rxb2
Ne5 22. Nce3 Bxd5 23. exd5 Nc8 24. d6 Kg7 25. Rd2 Rf6 26. Nd5 Re6 27. Bh3 Qxd6
28. Nf4 Qxd2 29. Nxe6+ Kh8 30. Qf1 Qe3+ 31. Kh1 Qf3+ 32. Qxf3 Nxf3 33. Nxc5 Nd6
34. Nd3 Nxc4 35. Be6 Nfe5 36. Nxe5 Nxe5 37. Kg2 Kg7 38. Kf2 Kf6 39. Bc8 Nf7 40.
Ke3 Nd6 41. Ba6 Ke5 42. Bd3 b5 43. g4 Nc4+ 44. Kf3 Kd4 45. Bc2 Kc3 46. Bd1 Kb2
47. a4 b4 48. Kf4 h6 49. g5 h5 50. Bxh5 1-0